Normal view
MARC view
- Heckbert, Paul S
Entry Personal Name
001 - CONTROL NUMBER
- control field: 66867
003 - CONTROL NUMBER IDENTIFIER
- control field: NUST
005 - DATE AND TIME OF LATEST TRANSACTION
- control field: 20210628203705.0
008 - FIXED-LENGTH DATA ELEMENTS
- fixed length control field: 210628|| aca||aabn | a|a d
040 ## - CATALOGING SOURCE
- Original cataloging agency: NUST
- Transcribing agency: NUST
100 ## - HEADING--PERSONAL NAME
- Personal name: Heckbert, Paul S
670 ## - SOURCE DATA FOUND
- Source citation: Work cat.: (NUST): Heckbert, Paul S, Graphics gems iv, 1994
